000 00674nam a2200217 a 4500
003 BD-DhJNU
005 20250923050138.0
008 250501s2019 ii a b 001 0 eng
022 _a2373-6615
040 _aBD-DhJNU
_bENG
_cBD-DhJNU
_dBD-DhJNU
082 0 0 _a303.69 TRA
_223
245 1 0 _aTraditional system and practices of conflict resolution :
_bthe journal of living together /
_cEdited by Basil Ugorji
260 _aNew York :
_bICERM,
_c2019.
300 _a284 p. :
_bill. ;
_c24 cm.
490 _vVol: 6, Issue 1
504 _aIncludes bibliographical references
650 0 _aCustomary law
650 0 _aMediation
700 1 _aBasil Ugorji
_eEditor
942 _cBK
999 _c2154
_d2154